[Event "Reykjavik Olafsson"]
[Site "Reykjavik"]
[Date "1995.??.??"]
[Round "1"]
[White "Gligoric, Svetozar"]
[Black "Petursson, Margeir"]
[Result "1/2-1/2"]
[WhiteElo "2455"]
[BlackElo "2565"]
[Annotator "Huebner,R"]
[PlyCount "46"]
[EventDate "1995.09.??"]
[EventType "tourn"]
[EventRounds "11"]
[EventCountry "ISL"]
[EventCategory "11"]
[SourceTitle "CBM 049"]
[Source "ChessBase"]
[SourceDate "1995.12.01"]
[SourceVersion "1"]
[SourceVersionDate "1995.12.01"]
[SourceQuality "1"]

1. d4 {Petursson} d5 2. c4 c6 3. Nf3 Nf6 4. Nc3 dxc4 5. a4 Bf5 6. e3 e6 7. Bxc4
Bb4 8. O-O O-O 9. Qe2 Ne4 {Dieser Zug wurde erstmals in der 17. Partie des
Weltmeisterschaftskampfes 1937 von Aljechin gegen Euwe angewandt. Danach wurde
er einige Male ausprobiert, ist aber heute fast in Vergessenheit geraten,
vielleicht zu Unrecht; er mag zum Ausgleich genügen.} 10. Bd3 Bxc3 11. bxc3
Nxc3 12. Qc2 Bxd3 13. Qxd3 Nd5 14. Ba3 Re8 15. Rab1 b6 16. Rfc1 a5 {Das
spielte auch Aljechin; seither wurde der Zug nicht mehr probiert. Offenbar
schreckte der rasche Verlust Aljechins alle davon ab, sein Verfahren
nachzuahmen. Ich stelle kurz zusammen, was es sonst an Beispielen aus der
Praxis gibt:} (16... Nf6 17. Ne5 (17. e4 e5 (17... c5 18. e5 Nd5 (18... Nfd7
19. d5 $16) 19. dxc5 bxc5 20. Bxc5 Nd7 21. Bd6 {überläßt Weiß einigen Vorteil.}
) 18. Rd1 exd4 19. e5 {geschah in der Partie Najdorf,M-Liebstein,A, Mar del
Plata 1944; statt mit} Nd5 20. Qxd4 Nd7 {eine völlig befriedigende Stellung
aufzubauen, zog Schwarz 19...c5? und verlor.}) 17... Qd5 18. Qc3 (18. Qc2 c5
19. Rb5 a6 (19... Na6 $5 {kommt auch in Betracht.}) 20. Rxb6 cxd4 21. exd4 Qxd4
22. Qc7 Nbd7 {gewährte dem Schwarzen bequemen Ausgleich in der Partie Marini,
L-Rosetto,H, Mar del Plata (zt) 1951.}) 18... Ne4 19. Qb2 f6 20. Nc4 Rd8 21. f3
Ng5 {mit unklarer Lage, Rotunno,E-Petrovs,V, Buenos Aires (ol) 1939. Ein
klarer Vorteil ist für Weiß nach 16...Sf6 keineswegs ersichtlich.}) (16... f6
17. e4 Nf4 18. Qe3 Ng6 19. h4 {ist ein neuerer Versuch:
Polugaevskij-Romanishin, UdSSR ch Tbilisi 1978. Die von Moiseev vorgeschlagene
Fortsetzung} Nh8 {nebst Sh8-f7 trifft meinen Geschmack eher als der Partiezug
19...h5?, doch gefällt mir der Zug 16...f6 ohnehin nicht.}) 17. Ne5 Qc7 {
Dies ist ein neuer Zug. In der Partie Euwe,M-Aljechin,A, 17. Partie des
Weltmeisterschaftskampfes 1937, folgte} (17... Nb4 18. Bxb4 axb4 19. Nxc6 Nxc6
20. Rxc6 {Euwe-Alekhine. Hague match 1937} e5 $2 (20... Rxa4 21. Qb5 Ra5 22.
Qxb4 e5 23. Rxb6 Ra8 {hätte dem Schwarzen viel bessere Remisaussichten gewährt.
}) 21. Rxb4 exd4 22. Rxd4 Qb8 23. Qb5 {und Weiß gewann.}) 18. e4 {Danach kann
Schwarz ohne Schwierigkeiten ausgleichen. Gewinnversuche müssen mit 18.Dc4
oder 18.Db3 beginnen.} Nb4 19. Bxb4 axb4 20. Rxb4 c5 21. Qb5 (21. Qb1 $2 {
Petursson} Nc6 $1 $17 {Tukmakov-Petursson, Winnipeg 1994}) 21... Nc6 {
Petursson: !=} 22. Qxb6 Qxb6 23. Rxb6 Nxe5 (23... Nxe5 {Petursson} 24. dxe5
Rxa4 25. f3 g5 26. Rxc5 Ra2 27. Rcb5 Kg7 28. Rb2 Rxb2 29. Rxb2 Rc8 $10) 1/2-1/2

[Event "Barcelona Casino"]
[Site "Barcelona"]
[Date "2005.10.26"]
[Round "3"]
[White "Illescas Cordoba, Miguel"]
[Black "Felgaer, Ruben Alejandro"]
[Result "1/2-1/2"]
[WhiteElo "2607"]
[BlackElo "2636"]
[Annotator "Huebner,R"]
[PlyCount "95"]
[EventDate "2005.10.24"]
[EventType "tourn"]
[EventRounds "5"]
[EventCountry "ESP"]
[EventCategory "15"]
[SourceTitle "CBM 110"]
[Source "ChessBase"]
[SourceDate "2006.01.31"]
[SourceVersion "1"]
[SourceVersionDate "2006.01.31"]
[SourceQuality "1"]

1. d4 d5 2. c4 c6 3. Nf3 Nf6 4. Nc3 dxc4 5. a4 Bf5 6. e3 e6 7. Bxc4 Bb4 8. O-O
O-O 9. Qe2 Bg6 10. Ne5 Nbd7 11. Nxg6 hxg6 12. Rd1 Qa5 13. Na2 Be7 14. e4 e5 15.
b4 Qc7 16. f4 (16. Bb2 exd4 17. Rxd4 Ne5 18. Bb3 g5 $14 {0-1 Shabalov,A-Kirov,
N/Cappelle la Grande 1995/EXT 97 (32). (32)}) 16... exf4 17. e5 Nd5 ({Nach} 
17... Nh5 18. a5 (18. e6 Nb6 19. exf7+ Kh8 20. Bd3 Qd6 {ist weniger klar.})
18... Rad8 19. Rb1 {mangelt es dem Schwarzen an vernünftigen Zügen; Weiß droht
Tb1-b3-h3 usw.}) 18. Bxd5 cxd5 19. Bxf4 (19. a5 Rfc8 20. Qf3 Qc4 21. Bb2 g5 22.
h3 Qc2 23. Rab1 Qe4 24. Nc3 Qxf3 25. gxf3 Bxb4 26. Nxd5 Bf8 27. Nc3 Bb4 28. Nd5
Bf8 $11 {1/2-1/2 Moskalenko,V-Peralta,F/Castellar del Valles 2004/CBM 101 ext 
(49). (49)}) 19... Qc6 (19... Nb6 20. a5 Nc4 21. Nc3 Qd7 {ist eine solide
Fortsetzung.}) 20. Rac1 Qe6 ({Die Fortsetzung} 20... Qxa4 21. Rc7 Bd8 22. Nc3
Qxd1+ 23. Qxd1 Bxc7 24. Nxd5 Bd8 25. Qb3 {sieht einigermaßen riskant für
Schwarz aus, aber auch nach dem Textzug erhält Weiß Vorteil.}) 21. Rc7 Rfc8 $1
{Schwarz gibt einen Bauern, um Gegenspiel zu erlangen.} (21... Rab8 22. Qb5 (
22. a5 Nf6 23. Qb5 Ne4 24. Rdc1 Bh4 25. Be3 Nd6 {ist nicht klar.}) 22... Nb6
23. a5 Na8 24. Rd7 Rfd8 25. Rxd8+ Bxd8 26. Nc3 Nc7 {ist etwas unbequem für
Schwarz, aber nicht unhaltbar.}) 22. Rxb7 $6 (22. Rdc1 Rxc7 23. Rxc7 Bd8 24.
Rc2 a5 {führt zu einer etwa ausgeglichenen Stellung.}) 22... Rc4 23. Qf3 Qc6
24. Rb5 Nb6 25. Be3 $6 {Sicherer ist wohl} (25. Qb3 a6 26. Ra5 Rc2 27. Ra1 {
Es droht Dc6-c4.} Qc4 28. Qxc4 Rxc4 {mit Ausgleich.}) 25... a6 26. Rf1 (26.
Rxb6 Qxb6 27. Qxd5 Rac8 {sieht nicht verlockend für Weiß aus.}) 26... Rf8 (
26... axb5 27. Qxf7+ Kh7 28. Rf3 {ist natürlich ungesund für Schwarz.}) 27. Ra5
Rc2 (27... Nxa4 28. Qxd5 Qxd5 29. Rxd5 Bxb4 30. Nxb4 Rxb4 31. Ra5 Ra8 32. d5 {
ist unbequem für Schwarz.}) 28. b5 (28. Rf2 Rxf2 29. Qxf2 Nxa4 30. Qe2 (30. Qf3
Qc2) 30... Ra8 {mit haltbarer Stellung für Schwarz.}) 28... Qc4 29. Rxa6 Nxa4
30. Ra7 Ba3 31. Rf2 $2 ({Unzureichend ist auch} 31. Rxf7 Qxf1+ 32. Qxf1 Rxf7
33. Qb1 Re2 34. h3 Rxe3 35. Qc2 Bb2 36. Qxa4 Re4 {, und Schwarz gewinnt.}) ({
Dagegen führt} 31. Nb4 Qxb4 32. e6 fxe6 33. Qxf8+ Qxf8 34. Rxf8+ Bxf8 35. Rxa4
Rb2 {zum Ausgleich.}) (31. b6 Rxa2 32. b7 Rb2 33. Rc1 Qd3 (33... Nc3 34. Kh1
Qb3 35. b8=Q Qxb8 36. Rxa3 Ne4 37. Ra5 $11) 34. Rxa4 Rxb7 {ergibt ebenfalls
eine ausgeglichene Stellung.}) 31... Rxa2 $19 32. Rxa2 Qxa2 33. h3 (33. Rxa4
Qb1+ 34. Qf1 Qb3 {ist hoffnungslos für Weiß.}) 33... Qb1+ 34. Qf1 Qb3 35. Bf2
Nc3 (35... Nb6 {ist vielleicht ein einfacherer Weg zum Gewinn.}) 36. Qd3 Qb2
37. b6 Ne4 38. Be3 Bb4 39. b7 Bc3 40. Kh2 Be1 $2 {Mühelos zum Ziel gelangt man
mit} (40... Rb8 41. Qa6 Bxd4 42. Bxd4 Qxd4 43. Ra8 Qxe5+ 44. Kg1 Nc5 45. Qc6
Nxb7 46. Qxb7 Rxa8 {usw.}) 41. Bf4 Bf2 42. e6 fxe6 (42... Bg1+ {genügt nicht
mehr zum Sieg:} 43. Kxg1 Qf2+ 44. Kh1 Qxf4 45. e7 Rb8 46. Ra8 Nf2+ 47. Kg1 Nxd3
48. e8=Q+ Rxe8 49. Rxe8+ Kh7 50. b8=Q) 43. Qa3 Bg1+ 44. Kh1 Qb1 45. Qxf8+ Kxf8
46. b8=Q+ Qxb8 47. Bxb8 Bxd4 48. Rb7 1/2-1/2

[Event "Corus"]
[Site "Wijk aan Zee"]
[Date "2006.01.14"]
[Round "1"]
[White "Van Wely, Loek"]
[Black "Sokolov, Ivan"]
[Result "1/2-1/2"]
[WhiteElo "2647"]
[BlackElo "2689"]
[Annotator "Huebner,R"]
[PlyCount "82"]
[EventDate "2006.01.14"]
[EventType "tourn"]
[EventRounds "13"]
[EventCountry "NED"]
[EventCategory "19"]
[SourceTitle "CBM 111"]
[Source "ChessBase"]
[SourceDate "2006.04.04"]
[SourceVersion "1"]
[SourceVersionDate "2006.04.04"]
[SourceQuality "1"]

1. d4 d5 2. c4 c6 3. Nf3 Nf6 4. Nc3 dxc4 5. a4 Bf5 6. e3 e6 7. Bxc4 Bb4 8. O-O
Nbd7 9. Qe2 Bg4 10. h3 Bh5 11. Rd1 O-O 12. e4 Qa5 13. Na2 Be7 {Nach diesem Zug
behält Weiß einen bequemen Vorteil.} (13... Qxa4 {verdient durchaus Erwägung,
und es gibt sogar eine Vorgängerpartie mit diesem Zug, wenn man auch zugeben
muß, daß die dort gewählte Folge zu vielen Zweifeln Anlaß gibt:} 14. g4 Bg6 15.
Nd2 c5 16. Nb3 cxd4 17. g5 Bh5 18. f3 d3 19. Rxd3 Bc5+ 20. Nxc5 Qxc4 21. gxf6
Qxc5+ 22. Be3 Qc7 23. fxg7 Rfd8 24. Bg5 f6 25. Bh4 Qf4 26. Rad1 Qxh4 27. Rxd7
Rxd7 28. Rxd7 Qxh3 29. Kf2 Be8 30. Rxb7 Rd8 31. Nc3 Qh2+ 32. Kf1 Qf4 33. Qf2
Bc6 34. Rc7 Qxc7 {0-1 Steiner,H-McCormick,E/Baltimore 1948/EXT 2000 (34).}) 14.
Bd2 Qc7 15. Rac1 e5 16. d5 Nc5 17. Nc3 a5 18. g4 Bg6 19. Nh4 Kh8 (19... Bxe4 {
scheitert natürlich an} 20. g5) (19... Nfxe4 20. Nxg6 {kostet den Schwarzen
ebenfalls eine Figur.}) 20. Nf5 Rad8 $2 {Meines Erachtens wird die Stellung
des Schwarzen danach hoffnungslos.} (20... Bxf5 21. exf5 Rad8 22. Be3 Nfd7 {
mußte versucht werden.}) 21. Nxe7 Qxe7 22. Bg5 h6 23. Bh4 Ncd7 24. d6 Qe8 25.
Rb1 {Ich hätte mich mit dem Durchsetzen von b2-b4 gar nicht so beeilt. Nach} (
25. f3 Rb8 26. Qf2 Qd8 27. Ba2 {hat Schwarz praktisch keine Züge mehr, und
Weiß kann machen, was er will.}) 25... Rb8 26. b4 axb4 27. Rxb4 Qd8 28. Qb2 $2
{Danach verbleiben die Figuren des Weißen in einer sehr unharmonischen
Aufstellung, und obwohl der Anziehende in der Folge quasi eine Figur gewinnt,
kann er nicht weiterkommen. Besser gefällt mir} (28. Rdb1 Qa5 ({Nach} 28... Nc5
29. Qe3 b6 30. a5 Qxd6 31. Rd1 Qe7 32. Rxb6 Rxb6 33. axb6 Ne6 34. Bxe6 {
kann Schwarz nicht überleben.}) 29. Qe3 {, und nun scheitert} Qc5 {an} 30. Bxf6
Qxe3 31. fxe3 Nxf6 32. Rxb7) 28... Nc5 $2 (28... Qa5 29. f3 Nc5 {führt zur
Partiefortsetzung.}) 29. f3 $2 (29. f4 {dürfte dem Schwarzen den Garaus machen.
}) 29... Qa5 30. Bxf6 gxf6 31. Kg2 Rbd8 32. Rb6 {Damentausch führt nicht zum
Gewinn, weil der Bauer auf d6 verloren geht und Schwarz außerdem eine sehr
aktive Stellung behält, aber was soll Weiß machen? Schwarz kann in aller Ruhe
mit Td8-d7 und Tf8-d8 fortsetzen und hat außerdem noch den Zug Sc5-e6 zur
Verfügung, wenn der Bauer auf b7 nicht mehr hängt.} Rd7 33. Qb4 Qxb4 34. Rxb4
Rfd8 35. Kf2 Rxd6 36. Rxd6 Rxd6 37. Ke3 Rd4 38. a5 Na6 39. Ra4 Nc5 40. Rb4 Na6
41. Ra4 Nc5 1/2-1/2

[Event "Olympiad-32"]
[Site "Yerevan"]
[Date "1996.09.19"]
[Round "4.3"]
[White "Shulman, Yuri"]
[Black "Minasian, Ara"]
[Result "1-0"]
[WhiteElo "2520"]
[BlackElo "2425"]
[Annotator "Kharitonov,A"]
[PlyCount "79"]
[EventDate "1996.09.15"]
[EventType "team-swiss"]
[EventRounds "14"]
[EventCountry "ARM"]
[SourceTitle "CBM 055"]
[Source "ChessBase"]
[SourceDate "1996.12.01"]
[SourceVersion "1"]
[SourceVersionDate "1996.12.01"]
[SourceQuality "1"]
[WhiteTeam "Belarus"]
[BlackTeam "Armenia II"]
[WhiteTeamCountry "BLR"]
[BlackTeamCountry "ARM"]

1. d4 d5 2. c4 c6 3. Nf3 Nf6 4. Nc3 dxc4 5. a4 Bf5 6. e3 e6 7. Bxc4 Bb4 8. O-O
Nbd7 9. Qe2 Bg4 10. h3 Bxf3 11. Qxf3 O-O 12. Bb3 $5 {N/} (12. Rd1 Qa5 13. e4 e5
14. d5 Bxc3 (14... Nb6 $6 15. Bb3 Bxc3 16. bxc3 cxd5 17. exd5 Rfc8 {N/} (17...
Rac8 18. c4 $1 Rfe8 19. Bd2 Qa6 20. d6 Nbd7 21. Be3 Rc6 22. a5 Rxd6 23. Ba4
Rxd1+ 24. Rxd1 Rd8 25. c5 $36 {Kasparov,G-Bareev,E/Novgorod/1994/1|0/35/}) 18.
c4 Nxc4 19. Bg5 Ne8 20. Bxc4 Rxc4 21. d6 e4 22. Qb3 Rb4 23. Qc3 Rb5 24. Qxa5
$18 {Razuvaev,Y-Solozhenkin,E/RUS/1995/}) 15. bxc3 cxd5 16. Bxd5 (16. exd5 $6
Rac8) 16... Nxd5 17. Rxd5 Qc7 18. Ba3 Rfe8 19. Rad1 Nf6 20. Rc5 $14 {Yusupov,
A-Velikov,P/BUL/1981/1|0/57/}) 12... Qa5 13. Na2 (13. e4 e5 $13) 13... c5 $6 (
13... Bd6 $5 14. e4 e5 15. Be3 exd4 16. Bxd4 Be5 $10) 14. Rd1 (14. Qxb7 $2 Rab8
15. Qf3 Bd2 $132) 14... Qb6 (14... cxd4 15. exd4 $16) 15. Nxb4 Qxb4 16. Rd3 $1
Qe1+ (16... c4 17. Bd2 Qb6 18. Bxc4 Qxb2 19. Qd1 $16) (16... e5 17. Qd1 e4 18.
Rc3 Rac8 19. Bd2 Qb6 20. Rac1 $16) 17. Kh2 cxd4 (17... Rac8 18. Bd1 $1 $16) 18.
exd4 Rac8 19. Rd1 Qb4 20. a5 $1 $14 Nd5 $2 (20... h6 $5) 21. Bxd5 Qd6+ 22. Bf4
Qxd5 23. Qxd5 exd5 24. Rac1 $16 Rfe8 (24... f6 25. Re1 Kf7 26. Bd6 $16) (24...
Nf6 25. Re1 $16) 25. Re1 Nf8 26. Re7 $1 (26. Rxe8 Rxe8 27. Rc7 $2 Ne6 $19) (26.
Rxc8 Rxc8 27. Re7 Ng6) 26... Ng6 (26... Ne6 27. Be5 $16) 27. Rxe8+ Rxe8 28. Bd6
f5 (28... Rd8 29. Bb4 $22 f6 30. Rc7 $16) 29. Rc7 Re6 30. Ba3 Ra6 31. Bb4 b6
32. Rc6 $18 Nf4 33. Bd2 Ne2 34. b4 $1 Nxd4 35. Rd6 Nb3 (35... Nb5 36. Rxd5 Nc7
37. Rd8+ Kf7 38. Rd7+ $18) 36. b5 Rxa5 37. Bxa5 Nxa5 (37... bxa5 38. Rxd5 a4
39. Rd7 $18) 38. Rxd5 Kf7 39. Rd7+ Kf6 40. Rxa7 1-0

[Event "EU-ch 12th"]
[Site "Aix les Bains"]
[Date "2011.04.02"]
[Round "11"]
[White "Vitiugov, Nikita"]
[Black "Feller, Sebastien"]
[Result "1/2-1/2"]
[WhiteElo "2720"]
[BlackElo "2657"]
[Annotator "Marchand,A/Primel,D"]
[PlyCount "100"]
[EventDate "2011.03.22"]
[EventType "swiss"]
[EventRounds "11"]
[EventCountry "FRA"]
[SourceTitle "CBM 142 Extra"]
[Source "ChessBase"]
[SourceDate "2011.06.27"]
[SourceVersion "1"]
[SourceVersionDate "2011.06.27"]
[SourceQuality "1"]
[TimeControl "40/5400+30:1800+30"]

1. d4 d5 2. c4 c6 3. Nf3 Nf6 4. Nc3 dxc4 5. a4 Bf5 6. e3 (6. Ne5) 6... e6 7.
Bxc4 Bb4 8. O-O Nbd7 (8... O-O 9. Nh4 (9. Qe2 Bg4 10. h3 Bh5 11. g4 Bg6 12. Ne5
Nbd7 13. Nxg6 hxg6 14. Rd1 Qe7 15. Qc2 {[%cal Gc2g6]} Rfd8 {Taimanov,M-Smyslov,
V Gagra training 1953 (11) 0-1} (15... c5 $5 {[%cal Ga8c8,Gc8c2]}))) 9. Qe2 {
[%cal Ge3e4]} (9. Nh4 Bg6 10. h3 Bh5 11. g4 g5 $5 12. Ng2 Bg6 13. f3 {Le Quang,
L (2693)-Ivanchuk,V (2769) Amsterdam ACP Golden Classic 2012 (2) 0-1} (13. f4
$5 gxf4 (13... h6 $5 14. f5 exf5 15. gxf5 Bh7 16. Qb3 Qb6 $13 {Ivanchuk}))) (9.
Qb3 {[%cal Gb3b7]}) 9... Bg4 (9... O-O {La grande ligne} 10. e4 Bg6 11. Bd3 Bh5
) 10. h3 (10. Rd1 {[%cal Gd1d8]}) 10... Bxf3 (10... Bh5 11. Rd1 O-O 12. e4 Qe7
13. e5 Nd5 14. Ne4 h6 15. Ng3 Bg6) 11. Qxf3 O-O 12. Rd1 Rc8 (12... e5 13. d5
$14 {[%cal Gd1d8]}) 13. Qe2 {Une ligne secondaire} (13. e4 {La grande ligne} e5
14. d5 (14. Be3 Qa5 15. Qf5 exd4 16. Qxa5 Bxa5 17. Bxd4 Rfe8 18. f3 a6 {
Leko,P (2741)-Gelfand,B (2734) Moscow Tal Memorial 1st 2006 (4) 1-0} (18... Bb6
$5 {Vigorito})) 14... cxd5 15. Bxd5 Bxc3 16. bxc3 Nxd5 17. Rxd5 Qc7 18. Qg3 Nb6
19. Rxe5 f6 20. Rb5 Qxg3 21. fxg3 Rf7 22. Bf4 g5 23. Be3 Rxc3 24. Bf2 Rc4 25.
Ra5 Nc8 26. e5 b6 27. Rd5 fxe5 {Aronian,L (2805)-Wang Hao (2731)/Wijk aan Zee
2011/CBM 141/1/2-1/2 (51)}) 13... Qe7 $146 (13... Qa5 14. Na2 Be7 15. Bd2 Qc7
16. b4 e5 17. Nc1 Nb6 18. Bb3 e4 19. Qe1 Nbd5 20. Ne2 Bd6 21. Rdc1 Qd7 22. Rab1
a6 23. Ba2 h5 24. Ng3 h4 25. Nf1 Rfe8 26. Qe2 b5 27. Be1 Qe7 28. f4 {
Ljubojevic,L (2570)-Bareev,E (2729)/Monte Carlo 2003/CBM 093 ext/0-1 (49)}) 14.
Bd2 (14. a5 $5 {[%csl Rb7]}) 14... e5 15. dxe5 Nxe5 16. Bb3 Rfd8 $11 {Malgré
la paire de B, les Blancs n'ont pas obtenu grand-chose de l'ouverture} 17. Be1
a5 18. Rd4 Bc5 19. Rxd8+ Rxd8 20. Na2 b6 21. Rd1 Rxd1 22. Qxd1 Qd6 23. Qxd6
Bxd6 24. Bc2 Nd5 $1 {Les N occupent des positions centeales et ils sont au
moins aussi forts que la paire de B} 25. b3 {[%csl Rc3] L'affaiblissement de
la case "c3" va jouer un rôle important dans la finale} Nd7 26. Kf1 Nb4 (26...
Kf8) 27. Bf5 Nf6 28. Nxb4 Bxb4 29. Bxb4 axb4 30. Ke2 Kf8 31. Kd3 g6 32. Bg4 Ke7
33. Kc4 c5 34. f4 (34. Kb5 Nd5 35. a5 Nc3+ 36. Kxb6 c4 $1 {[%csl Rb3]} 37. a6
cxb3 38. a7 b2 39. a8=Q b1=Q) 34... Ne4 35. Kb5 Nc3+ $1 36. Kc4 $8 (36. Kxb6 $2
c4 {[%cal Gb4b1]}) 36... Ne4 37. Kd3 Nf2+ 38. Ke2 Ne4 39. Bf3 Nc3+ 40. Kd3 Kd6
41. g4 f6 42. h4 h6 43. Bb7 g5 $11 44. hxg5 hxg5 45. Ba6 Ke7 46. Bb7 Nd1 47.
Bf3 Nc3 48. Bb7 Ke6 49. Bc8+ Kd6 50. Ba6 Ke7 1/2-1/2